[Event "4NCL Division 4 South"]
[Site "Maidenhead, ENG"]
[Date "2020.02.09"]
[Round "6.143"]
[White "Norman, Dinah M"]
[Black "Carter, John P"]
[Result "1/2-1/2"]
[WhiteElo "1696"]
[BlackElo "1566"]
[PlyCount "70"]
[EventDate "2020.02.09"]
[WhiteTeam "Iceni 3"]
[BlackTeam "The Pitstop"]

1. d4 Nf6 2. Nf3 d5 3. e3 c5 4. c4 cxd4 5. Qxd4 Nc6 6. Qd1 e5 7. cxd5 Qxd5 8.
Qxd5 Nxd5 9. Bd2 Bg4 10. Nc3 Bxf3 11. gxf3 Nxc3 12. Bxc3 Bb4 13. Rc1 Bxc3+ 14.
Rxc3 Ke7 15. Bb5 Rhc8 16. Bxc6 Rxc6 17. Rxc6 bxc6 18. Ke2 a5 19. Rc1 Ra6 20. b3
Kd6 21. e4 Rb6 22. Rd1+ Kc7 23. Ke3 Rb5 24. f4 exf4+ 25. Kxf4 Rh5 26. Kg3 Rc5
27. Rd2 a4 28. bxa4 Rc4 29. f3 Rxa4 30. Kf4 Ra3 31. h4 c5 32. Rg2 g6 33. h5 c4
34. hxg6 hxg6 35. Rc2 c3 1/2-1/2

[Event "4NCL Division 4 South"]
[Site "Maidenhead, ENG"]
[Date "2020.02.09"]
[Round "6.144"]
[White "Green, George D A"]
[Black "John, Amy"]
[Result "1-0"]
[WhiteElo "1557"]
[BlackElo "1472"]
[PlyCount "75"]
[EventDate "2020.02.09"]
[WhiteTeam "The Pitstop"]
[BlackTeam "Iceni 3"]

1. Nf3 Nc6 2. d4 d5 3. Nc3 Bg4 4. Bf4 a6 5. e3 h6 6. Be2 e6 7. O-O Nf6 8. h3
Bf5 9. Re1 Bb4 10. a3 Bd6 11. Ne5 O-O 12. Bd3 Ne4 13. f3 Nxc3 14. bxc3 Bh7 15.
Bxh7+ Kxh7 16. Qd3+ Kg8 17. Nxc6 bxc6 18. Bxd6 Qxd6 19. e4 dxe4 20. fxe4 c5 21.
Qc4 cxd4 22. cxd4 Rfd8 23. c3 Qb6 24. Reb1 Qd6 25. Rb7 Rdc8 26. Qa4 c5 27. Rf1
f6 28. e5 Qd5 29. Rd7 Qe4 30. exf6 gxf6 31. Qd1 Qe3+ 32. Kh1 Kh8 33. Rxf6 cxd4
34. Rxe6 Qg5 35. Qxd4+ Kg8 36. Qe4 Kf8 37. Qf3+ Kg8 38. Qf7+ 1-0

[Event "4NCL Division 4 South"]
[Site "Maidenhead, ENG"]
[Date "2020.02.09"]
[Round "6.151"]
[White "Farahi-Far, Mohammad"]
[Black "Deacon, David J"]
[Result "0-1"]
[WhiteElo "1555"]
[BlackElo "1598"]
[PlyCount "32"]
[EventDate "2020.02.09"]
[WhiteTeam "Barnet Knights 3"]
[BlackTeam "Wessex D"]

1. c4 Nf6 2. Nc3 g6 3. Nf3 Bg7 4. g3 O-O 5. Bg2 c5 6. O-O Nc6 7. Rb1 Rb8 8. b3
d5 9. d4 cxd4 10. Nxd4 Nxd4 11. Qxd4 Ne4 12. Qxa7 Nxc3 13. Qxb8 Nxb1 14. Bxd5
Nc3 15. Bxb7 Nxe2+ 16. Kg2 Qb6 0-1

[Event "4NCL Division 4 South"]
[Site "Maidenhead, ENG"]
[Date "2020.02.09"]
[Round "6.152"]
[White "Priest, Christopher Pa"]
[Black "Thatte, Nandinee"]
[Result "1-0"]
[WhiteElo "1675"]
[BlackElo "1532"]
[PlyCount "93"]
[EventDate "2020.02.09"]
[WhiteTeam "Wessex D"]
[BlackTeam "Barnet Knights 3"]

1. d4 Nf6 2. Bf4 g6 3. e3 Bg7 4. c4 O-O 5. Nc3 d6 6. Bd3 Nbd7 7. Nf3 Re8 8. O-O
Nh5 9. Bg5 c6 10. e4 Qb6 11. Na4 Qc7 12. Rc1 e5 13. d5 Nf8 14. Qd2 f5 15. Bh6
Nf6 16. Bxg7 Qxg7 17. Rfe1 Bd7 18. Bb1 cxd5 19. Nc3 dxe4 20. Ng5 Bc6 21. Qxd6
Rad8 22. Qc5 a6 23. b4 h6 24. Nh3 Qe7 25. Qb6 Kg7 26. b5 axb5 27. cxb5 Bd5 28.
Red1 Ne6 29. a4 Bb3 30. Rxd8 Rxd8 31. Kh1 Ng4 32. g3 Rd2 33. a5 Rd7 34. Ng1 Nd4
35. Kg2 Qg5 36. Nge2 Nxe2 37. Nxe2 Bd5 38. Rd1 h5 39. Rxd5 Rxd5 40. Qxb7+ Kh6
41. Qxd5 e3 42. h3 Nxf2 43. Qxe5 Qd8 44. Qxe3+ Kh7 45. Qa7+ Kh6 46. Kxf2 Qd1
47. Qe3+ 1-0

[Event "4NCL Division 4 South"]
[Site "Maidenhead, ENG"]
[Date "2020.02.09"]
[Round "6.153"]
[White "Lindquist, James"]
[Black "Tomar, Pankaj"]
[Result "0-1"]
[WhiteElo "1585"]
[BlackElo "1483"]
[PlyCount "102"]
[EventDate "2020.02.09"]
[WhiteTeam "Barnet Knights 3"]
[BlackTeam "Wessex D"]

1. d4 e6 2. Nf3 Nf6 3. Bf4 d5 4. e3 c5 5. c4 Nc6 6. Be2 Bd6 7. Bg3 cxd4 8. Nxd4
Bxg3 9. hxg3 a6 10. Nc3 Ne7 11. Rc1 dxc4 12. Bxc4 b5 13. Be2 Bb7 14. Bf3 Ned5
15. Nxd5 Bxd5 16. a3 Bxf3 17. Qxf3 Qd5 18. Ke2 Qxf3+ 19. gxf3 g6 20. Rc7 O-O
21. Nc6 Ne8 22. Ne7+ Kg7 23. Rc3 Nd6 24. Rhc1 Nc4 25. R1c2 Rfd8 26. Nc6 Rd6 27.
Nd4 e5 28. Nb3 Rad8 29. Nc5 Rd2+ 30. Ke1 Rd1+ 31. Ke2 R8d2+ 32. Rxd2 Rxd2+ 33.
Kf1 Nxb2 34. Nxa6 Nd3 35. f4 Rxf2+ 36. Kg1 Rd2 37. Rb3 exf4 38. exf4 Nc1 39.
Rxb5 Rd3 40. Kf2 Rxa3 41. Nc5 Nd3+ 42. Nxd3 Rxd3 43. Re5 h6 44. Re3 Rd1 45. Re8
Kf6 46. Kf3 g5 47. Re3 Kg6 48. Re4 Rd3+ 49. Kg2 Kf5 50. Re5+ Kg4 51. fxg5 Rxg3+
{0-1 70 moves unable to reconstruct from the one scoresheet handed in.} 0-1

[Event "4NCL Division 4 South"]
[Site "Maidenhead, ENG"]
[Date "2020.02.09"]
[Round "6.154"]
[White "Deacon, Nicholas"]
[Black "Oh, Julie"]
[Result "0-1"]
[WhiteElo "1360"]
[BlackElo "1450"]
[PlyCount "38"]
[EventDate "2020.02.09"]
[WhiteTeam "Wessex D"]
[BlackTeam "Barnet Knights 3"]

1. d4 d5 2. c4 c6 3. Nf3 Nf6 4. cxd5 cxd5 5. Nc3 Nc6 6. Bg5 Bf5 7. Qb3 Qc8 8.
Nxd5 Nxd5 9. Qxd5 a6 10. e3 Nb4 11. Bb5+ axb5 12. Qxb5+ Nc6 13. b4 e6 14. Ne5
f6 15. Rc1 fxe5 16. dxe5 Bxb4+ 17. Kf1 Qd7 18. f3 Bd3+ 19. Qxd3 Qxd3+ 0-1

[Event "4NCL Division 4 South"]
[Site "Maidenhead, ENG"]
[Date "2020.02.09"]
[Round "6.155"]
[White "Ford, Conor"]
[Black "Deacon, Matthew"]
[Result "0-1"]
[WhiteElo "1450"]
[BlackElo "1227"]
[PlyCount "182"]
[EventDate "2020.02.09"]
[WhiteTeam "Barnet Knights 3"]
[BlackTeam "Wessex D"]

1. d4 Nf6 2. e3 d5 3. Bd3 e6 4. Ne2 c5 5. c3 Nbd7 6. Nd2 Be7 7. Ng1 b6 8. f4
Bb7 9. Ngf3 Ne4 10. O-O O-O 11. Qc2 f5 12. Bxe4 fxe4 13. Ne5 Rc8 14. Qd1 cxd4
15. exd4 Ba6 16. Nxd7 Qxd7 17. Re1 Bd6 18. g3 Rf5 19. Nf1 Rff8 20. Ne3 b5 21.
b4 Rxc3 22. Bd2 Rcc8 23. a3 Rc7 24. Bc1 Rfc8 25. Bb2 Bb7 26. Qh5 Qf7 27. Qg5
Be7 28. Qg4 Bf6 29. Qd1 Be7 30. Qd2 Bd6 31. Rf1 Qd7 32. Rfe1 Be7 33. Rf1 Rf8
34. Rfe1 Qc8 35. Rf1 Bc6 36. Rfe1 Be8 37. Rf1 Bg6 38. Rfe1 Bd6 39. Rf1 Qd7 40.
Rfe1 Rfc8 41. Rf1 Qe8 42. Rfe1 Bh5 43. Rf1 Bf3 44. Rfe1 Qh5 45. Rf1 Be2 46.
Rfe1 Bd3 47. Rec1 Rxc1+ 48. Rxc1 Rxc1+ 49. Qxc1 Bc4 50. Qd1 Qxd1+ 51. Nxd1 Bc7
52. Ne3 Kf7 53. h4 g6 54. Kf2 h6 55. Ng4 Kg7 56. Ne3 Bd8 57. Ng2 Bb3 58. Bc1
Bd1 59. Be3 Bb6 60. Ne1 a5 61. Ng2 Kf6 62. Ne1 Kf5 63. Kg2 Kg4 64. Kf2 axb4 65.
axb4 Bd8 66. Ng2 Bf6 67. Ne1 Be7 68. Bd2 Bf6 69. Be3 g5 70. hxg5 hxg5 71. Ng2
Kf5 72. Ne1 gxf4 73. gxf4 Bh4+ 74. Kf1 Bg3 75. Ng2 Bf3 76. Kg1 Bxg2 77. Kxg2
Bxf4 78. Bxf4 Kxf4 79. Kf2 e3+ 80. Ke2 Ke4 81. Ke1 Kxd4 82. Ke2 Ke4 83. Ke1 d4
84. Ke2 d3+ 85. Kd1 Kd4 86. Ke1 Kc3 87. Kd1 e5 88. Kc1 e2 89. Kb1 e1=R+ 90. Ka2
Rc1 91. Ka3 Ra1# 0-1

[Event "4NCL Division 4 South"]
[Site "Maidenhead, ENG"]
[Date "2020.02.09"]
[Round "6.156"]
[White "Jerome, David"]
[Black "Sanfey, Peter"]
[Result "1-0"]
[WhiteElo "1180"]
[BlackElo "1485"]
[PlyCount "51"]
[EventDate "2020.02.09"]
[WhiteTeam "Wessex D"]
[BlackTeam "Barnet Knights 3"]

1. d4 d6 2. e4 Nf6 3. Nc3 g6 4. Nf3 Bg7 5. Bd3 O-O 6. Be3 Nc6 7. a3 Ng4 8. h3
Nxe3 9. fxe3 e5 10. d5 Ne7 11. O-O f5 12. Ng5 f4 13. exf4 exf4 14. Nf3 g5 15.
Nxg5 Nxd5 16. Qh5 Nf6 17. Bc4+ Kh8 18. Nf7+ Rxf7 19. Qxf7 b6 20. Rxf4 Bb7 21.
Rd1 Nxe4 22. Nxe4 d5 23. Bxd5 Bxd5 24. Rxd5 Qc8 25. Rg4 Bxb2 26. Rd7 1-0

[Event "4NCL Division 4 South"]
[Site "Maidenhead, ENG"]
[Date "2020.02.09"]
[Round "6.161"]
[White "Staples, Neil"]
[Black "Carter, Gavin"]
[Result "1/2-1/2"]
[WhiteElo "1827"]
[BlackElo "1337"]
[PlyCount "196"]
[EventDate "2020.02.09"]
[WhiteTeam "Banbury Bulldogs"]
[BlackTeam "Barnet Knights 4"]

1. c4 c5 2. b3 Nf6 3. Bb2 g6 4. Bxf6 exf6 5. Nc3 Bg7 6. g3 O-O 7. Bg2 d6 8. e3
Nc6 9. Nge2 Bg4 10. O-O Qd7 11. Rb1 Bf5 12. e4 Bg4 13. f3 Bh3 14. d3 Bxg2 15.
Kxg2 f5 16. Nd5 Nd4 17. Nxd4 Bxd4 18. exf5 gxf5 19. Qd2 Kh8 20. Rbe1 Rae8 21.
Rxe8 Rxe8 22. Re1 Re6 23. Nf4 Re7 24. Nd5 Re6 25. Nf4 Re7 26. Rxe7 Qxe7 27. Qe2
Qxe2+ 28. Nxe2 Be5 29. Kf2 Kg7 30. Ke3 Kg6 31. h3 a6 32. f4 Bb2 33. Kf3 h5 34.
Ke3 Ba1 35. Kf3 Bb2 36. Ke3 Ba1 37. h4 Bb2 38. Kd2 Bh8 39. Kc2 Bg7 40. a3 a5
41. d4 b6 42. Kd3 Bh8 43. Ke3 Bg7 44. Kd3 Bh8 45. Kd2 Bg7 46. Ke3 Bh8 47. a4
Bg7 48. dxc5 dxc5 49. Kf3 Bb2 50. Ke3 Kg7 51. Kf3 Kg6 52. Ke3 Kg7 53. Kd3 Bf6
54. Ng1 Bd4 55. Ne2 Bf6 56. Ke3 Bb2 57. Kf3 Kg6 58. Kg2 Kg7 59. Ng1 Kf6 60. Nf3
Bc3 61. Kf2 Ke6 62. Ke2 Bb2 63. Ne1 Ba1 64. Nc2 Bf6 65. Ne3 Bd8 66. Nd5 Kd6 67.
Kf3 Ke6 68. Ne3 Bf6 69. Kg2 Bd8 70. Nd5 Kd6 71. Kg1 Ke6 72. Kh1 Kd6 73. Kh2 Ke6
74. Kg1 Kd6 75. Kf1 Ke6 76. Ke1 Kd6 77. Kd1 Ke6 $11 78. Kc2 Kd6 79. Nc3 Ke6 80.
Nb5 Kd7 81. Kd3 Bf6 82. Ke3 Kc6 83. Na7+ Kd7 84. Kf3 Bd8 85. Nb5 Bf6 86. Na3
Bb2 87. Nc2 Bf6 88. Ne1 Ke6 89. Nd3 Bg7 $11 90. Kg2 Bd4 91. Ne1 Bf6 92. Nf3 Ba1
93. Ng5+ Kf6 94. Kf3 Bb2 95. Ke2 Ba1 96. Nf3 Bb2 97. Kd3 Ke6 98. Ng5+ Kf6
1/2-1/2

[Event "4NCL Division 4 South"]
[Site "Maidenhead, ENG"]
[Date "2020.02.09"]
[Round "6.162"]
[White "Ibrahim, Amir"]
[Black "Martin, Nick J"]
[Result "0-1"]
[WhiteElo "1367"]
[BlackElo "1774"]
[PlyCount "68"]
[EventDate "2020.02.09"]
[WhiteTeam "Barnet Knights 4"]
[BlackTeam "Banbury Bulldogs"]

1. e4 e6 2. d4 d5 3. e5 c5 4. Nf3 Qb6 5. Be2 Nc6 6. c3 Nh6 7. O-O cxd4 8. cxd4
Nf5 9. Nbd2 Nfxd4 10. Nxd4 Nxd4 11. Nf3 Nxe2+ 12. Qxe2 Bd7 13. Be3 Qd8 14. Rac1
a6 15. h3 Bb5 16. Qc2 Bxf1 17. Rxf1 Rc8 18. Qa4+ Qd7 19. Qh4 Be7 20. Qg3 g6 21.
Bd4 O-O 22. Re1 Rc6 23. a3 Rfc8 24. Kh2 Qd8 25. b4 a5 26. Rb1 axb4 27. axb4 Rc4
28. b5 Qa5 29. b6 Bc5 30. Rd1 Qa4 31. Rd2 Bxb6 32. Kg1 Ra8 33. Kf1 Qb5 34. Qg5
Rc1# 0-1

[Event "4NCL Division 4 South"]
[Site "Maidenhead, ENG"]
[Date "2020.02.09"]
[Round "6.163"]
[White "Evans, Christopher J"]
[Black "Verma, Shrey"]
[Result "1-0"]
[WhiteElo "1745"]
[BlackElo "1270"]
[PlyCount "77"]
[EventDate "2020.02.09"]
[WhiteTeam "Banbury Bulldogs"]
[BlackTeam "Barnet Knights 4"]

1. e4 e5 2. Nc3 Nf6 3. f4 Nc6 4. fxe5 Nxe5 5. d4 Ng6 6. e5 Ng8 7. Nf3 Bb4 8.
Bc4 d5 9. exd6 cxd6 10. O-O N8e7 11. Ng5 Qc7 12. Bxf7+ Kd8 13. Be6 Bd7 14. Nf7+
Kc8 15. Bxd7+ Qxd7 16. Nxh8 Nxh8 17. Rf8+ Kc7 18. Rxa8 Nhg6 19. Qd3 d5 20. Bd2
Nc6 21. Nb5+ Kb6 22. c3 Be7 23. a4 a5 24. b4 Nh4 25. bxa5+ Nxa5 26. Rb1 Kc6 27.
Na7+ Kd6 28. Bf4+ Ke6 29. Qxh7 Kf7 30. Rf1 Qg4 31. Bg3+ Ke6 32. Re8 Kd7 33.
Rxe7+ Kxe7 34. Qxh4+ Qxh4 35. Bxh4+ Kd7 36. Rf7+ Kd6 37. Bg3+ Ke6 38. Rxg7 b5
39. axb5 1-0

[Event "4NCL Division 4 South"]
[Site "Maidenhead, ENG"]
[Date "2020.02.09"]
[Round "6.164"]
[White "Stoica, Horace"]
[Black "Hibbitt, Arthur"]
[Result "0-1"]
[WhiteElo "1075"]
[BlackElo "1749"]
[PlyCount "68"]
[EventDate "2020.02.09"]
[WhiteTeam "Barnet Knights 4"]
[BlackTeam "Banbury Bulldogs"]

1. e4 c5 2. Nf3 g6 3. d4 cxd4 4. Nxd4 Nc6 5. Be3 Nf6 6. Nc3 Bg7 7. Qd2 O-O 8.
O-O-O Ng4 9. Kb1 Nxe3 10. Qxe3 Bxd4 11. Rxd4 Nxd4 12. Qxd4 a6 13. g3 b5 14. b3
Bb7 15. h4 d5 16. Bd3 dxe4 17. Qxd8 Raxd8 18. Bxe4 Bxe4 19. Nxe4 f5 20. Nc3 b4
21. Nd1 Rd2 22. Nb2 Rxf2 23. Nd3 Rg2 24. Re1 Re8 25. Nxb4 e5 26. Nxa6 e4 27.
Re3 Rd8 28. Nb4 Rdd2 29. a4 Rgf2 30. a5 Rf3 31. Rxf3 exf3 32. a6 f2 33. a7
f1=Q+ 34. Kb2 Rd8 0-1

[Event "4NCL Division 4 South"]
[Site "Maidenhead, ENG"]
[Date "2020.02.09"]
[Round "6.165"]
[White "Langham, Rod E"]
[Black "Ford, Stephen"]
[Result "1-0"]
[WhiteElo "1635"]
[BlackElo "872"]
[PlyCount "43"]
[EventDate "2020.02.09"]
[WhiteTeam "Banbury Bulldogs"]
[BlackTeam "Barnet Knights 4"]

1. d4 d6 2. Bf4 Nc6 3. h3 e6 4. e3 Nf6 5. c3 Be7 6. Nd2 b5 7. Bxb5 Bd7 8. Bd3
Qb8 9. Rb1 d5 10. Ngf3 Na5 11. Qe2 Bd6 12. Ne5 c6 13. O-O O-O 14. Ndf3 Qc7 15.
b4 Nb7 16. a3 a5 17. Ra1 Nh5 18. Bxh7+ Kxh7 19. Ng5+ Kg8 20. Qxh5 Rfb8 21.
Qxf7+ Kh8 22. Ng6# 1-0